Allgemeinwissen nach Buchstabe - J - Statistiken

Allgemein
  • Dieses Quiz wurde 120 mal gespielt
  • Das Durchschnittsergebnis liegt bei 12 aus 15
Antwortstatistiken
Hint Antwort % Korrekt
Christlicher Messias Jesus Christus
99%
Um 1900 in den Südstaaten der USA entstandene Musikrichtung, wird oft mit Saxophon in Verbindung gebracht Jazz
96%
Größte Raubkatze Amerikas, hat den kräftigsten Biss aller Großkatzen Jaguar
95%
"King of Pop" (Nachname) Michael Jackson
95%
Deutsche Stadt mit KFZ-Kennzeichen J Jena
93%
Religiösen Zentrum für alle drei Weltreligionen (Stadt) Jerusalem
93%
Hauptstadt von Indonesien Jakarta
90%
Staat mit der Hauptstadt Amman Jordanien
89%
Physikalische Einheit für Energie Joule
83%
Japanische Kampfsportart Judo
83%
Serienkiller des viktorianischen Englands Jack the Ripper
78%
Grüner Schmuckstein Jade
68%
Göttervater in der römischen Mythologie Jupiter
67%
Französische Nationalheldin Jeanne d'Arc
55%
Komponist von "The Entertainer" (Nachname) Scott Joplin
10%
Keine übereinstimmenden Quizze gefunden
Verteilung der Resultate
Anzahl Personen mit jedem Resultat
Perzentil nach korrekt beantworteten Fragen
Ihre Resultats-Entwicklung
Sie haben dieses Quiz noch nicht gespielt